00759cam a22002177a 4500003000500000005001700005008004100022010000900063011000900072035000900081040000900090100003300099245014300132260004000275300002300315502009900338650002900437650001800466650001800484650003900502CHAP20220329133441.0971013s1992 r 00010 d a6542 a7514 a6737 cCHAP00aHernández García, Noé. 0aEvaluación técnica-financiera de la producción de hortalizas en hidroponia bajo dos tipos de invernaderos, Tocuila, Edo. de México aChapingo, Méx. :bEl autor,c1992 a185 h.b; gráfs. aTesis (Ing. Agr. Esp. en Economía Agrícola) -- UACH. Departamento de Economía Agrícola14aCultivos en invernadero.14aHidroponía.14aInvernaderos.14aLegumbresxCostos de producción.